<?xml version="1.0" encoding="UTF-8"?>
<record
    xmlns:xsi="http://www.w3.org/2001/XMLSchema-instance"
    xsi:schemaLocation="http://www.loc.gov/MARC21/slim http://www.loc.gov/standards/marcxml/schema/MARC21slim.xsd"
    xmlns="http://www.loc.gov/MARC21/slim">

  <leader>01541cam a2200457 a 4500</leader>
  <datafield tag="999" ind1=" " ind2=" ">
    <subfield code="c">23191</subfield>
    <subfield code="d">23191</subfield>
  </datafield>
  <controlfield tag="001">vtls011578742</controlfield>
  <controlfield tag="005">20220421131007.0</controlfield>
  <controlfield tag="008">200316 2016    xo     g      000 0 slo  </controlfield>
  <datafield tag="020" ind1=" " ind2=" ">
    <subfield code="a">9788022207997 (viaz.)</subfield>
  </datafield>
  <datafield tag="035" ind1=" " ind2=" ">
    <subfield code="a">urn:nbn:sk:snk-am00dg0h</subfield>
  </datafield>
  <datafield tag="035" ind1=" " ind2=" ">
    <subfield code="a">urn:nbn:sk:snk-am3i10n</subfield>
  </datafield>
  <datafield tag="035" ind1=" " ind2=" ">
    <subfield code="a">3508B182-26F1-48B4-9970-FF5074FBBED9</subfield>
  </datafield>
  <datafield tag="040" ind1=" " ind2=" ">
    <subfield code="a">SNK</subfield>
    <subfield code="b">slo</subfield>
    <subfield code="c">SNK</subfield>
    <subfield code="e">AACR2</subfield>
  </datafield>
  <datafield tag="041" ind1="1" ind2=" ">
    <subfield code="a">slo</subfield>
    <subfield code="h">ger</subfield>
  </datafield>
  <datafield tag="044" ind1=" " ind2=" ">
    <subfield code="a">xo</subfield>
    <subfield code="c">SK</subfield>
  </datafield>
  <datafield tag="072" ind1=" " ind2="7">
    <subfield code="a">630</subfield>
    <subfield code="x">Lesn&#xED;ctvo</subfield>
    <subfield code="2">konspekt</subfield>
  </datafield>
  <datafield tag="080" ind1=" " ind2=" ">
    <subfield code="a">630*10</subfield>
    <subfield code="2">2011</subfield>
  </datafield>
  <datafield tag="080" ind1=" " ind2=" ">
    <subfield code="a">581.526.42</subfield>
    <subfield code="2">2011</subfield>
  </datafield>
  <datafield tag="080" ind1=" " ind2=" ">
    <subfield code="a">582.091</subfield>
    <subfield code="2">2011</subfield>
  </datafield>
  <datafield tag="080" ind1=" " ind2=" ">
    <subfield code="a">581.5</subfield>
    <subfield code="2">2011</subfield>
  </datafield>
  <datafield tag="080" ind1=" " ind2=" ">
    <subfield code="a">(0:82-4)</subfield>
    <subfield code="2">2011</subfield>
  </datafield>
  <datafield tag="100" ind1="1" ind2=" ">
    <subfield code="a">Wohlleben, Peter,</subfield>
    <subfield code="d">1964-</subfield>
    <subfield code="9">1471</subfield>
  </datafield>
  <datafield tag="245" ind1="1" ind2="0">
    <subfield code="a">Tajn&#xFD; &#x17E;ivot stromov</subfield>
    <subfield code="b">&#x10D;o c&#xED;tia a ako komunikuj&#xFA; - objavte fascinuj&#xFA;ci skryt&#xFD; svet</subfield>
    <subfield code="c">Peter Wohlleben; [z nemeck&#xE9;ho origin&#xE1;lu prelo&#x17E;ila Katar&#xED;na Sz&#xE9;herov&#xE1;]</subfield>
  </datafield>
  <datafield tag="250" ind1=" " ind2=" ">
    <subfield code="a">1. vyd.</subfield>
  </datafield>
  <datafield tag="260" ind1=" " ind2=" ">
    <subfield code="a">Bratislava</subfield>
    <subfield code="b">Tatran</subfield>
    <subfield code="c">2017</subfield>
  </datafield>
  <datafield tag="300" ind1=" " ind2=" ">
    <subfield code="a">207 s.</subfield>
    <subfield code="c">21 cm</subfield>
  </datafield>
  <datafield tag="490" ind1="1" ind2=" ">
    <subfield code="a">LUK - Kni&#x17E;nica svetov&#xFD;ch bestsellerov</subfield>
    <subfield code="v">137</subfield>
  </datafield>
  <datafield tag="650" ind1="0" ind2="7">
    <subfield code="a">lesy</subfield>
    <subfield code="2">SNKPH</subfield>
    <subfield code="9">1479</subfield>
  </datafield>
  <datafield tag="650" ind1="0" ind2="7">
    <subfield code="a">lesn&#xE9; ekosyst&#xE9;my</subfield>
    <subfield code="2">SNKPH</subfield>
    <subfield code="9">2851</subfield>
  </datafield>
  <datafield tag="650" ind1="0" ind2="7">
    <subfield code="a">stromy</subfield>
    <subfield code="2">SNKPH</subfield>
    <subfield code="9">2852</subfield>
  </datafield>
  <datafield tag="650" ind1="0" ind2="7">
    <subfield code="a">ekol&#xF3;gia rastl&#xED;n</subfield>
    <subfield code="2">SNKPH</subfield>
    <subfield code="9">2853</subfield>
  </datafield>
  <datafield tag="650" ind1="0" ind2="7">
    <subfield code="a">Forests</subfield>
    <subfield code="2">SNKPHeng</subfield>
    <subfield code="9">1485</subfield>
  </datafield>
  <datafield tag="650" ind1="0" ind2="7">
    <subfield code="a">Forest ecosystems</subfield>
    <subfield code="2">SNKPHeng</subfield>
    <subfield code="9">2854</subfield>
  </datafield>
  <datafield tag="650" ind1="0" ind2="7">
    <subfield code="a">Trees</subfield>
    <subfield code="2">SNKPHeng</subfield>
    <subfield code="9">2855</subfield>
  </datafield>
  <datafield tag="650" ind1="0" ind2="7">
    <subfield code="a">Plant ecology</subfield>
    <subfield code="2">SNKPHeng</subfield>
    <subfield code="9">2856</subfield>
  </datafield>
  <datafield tag="655" ind1=" " ind2="7">
    <subfield code="a">eseje</subfield>
    <subfield code="2">SNKPH</subfield>
    <subfield code="9">2822</subfield>
  </datafield>
  <datafield tag="655" ind1=" " ind2="7">
    <subfield code="a">Essays</subfield>
    <subfield code="2">SNKPHeng</subfield>
    <subfield code="9">1704</subfield>
  </datafield>
  <datafield tag="700" ind1="1" ind2=" ">
    <subfield code="a">Sz&#xE9;herov&#xE1;, Katar&#xED;na</subfield>
    <subfield code="4">trl</subfield>
    <subfield code="9">1652</subfield>
  </datafield>
  <datafield tag="958" ind1=" " ind2=" ">
    <subfield code="a">OP</subfield>
  </datafield>
  <datafield tag="952" ind1=" " ind2=" ">
    <subfield code="0">0</subfield>
    <subfield code="1">0</subfield>
    <subfield code="2">udc</subfield>
    <subfield code="4">0</subfield>
    <subfield code="7">0</subfield>
    <subfield code="8">D</subfield>
    <subfield code="a">10000</subfield>
    <subfield code="b">10000</subfield>
    <subfield code="d">2022-04-21</subfield>
    <subfield code="i">21538</subfield>
    <subfield code="l">5</subfield>
    <subfield code="m">3</subfield>
    <subfield code="o">S1511</subfield>
    <subfield code="p">S1511</subfield>
    <subfield code="r">2025-09-17</subfield>
    <subfield code="s">2025-06-12</subfield>
    <subfield code="w">2022-04-21</subfield>
    <subfield code="y">OLDO</subfield>
  </datafield>
</record>
